00772nam a2200217 i 4500001000700000003000900007005001700016007000300033008004100036020001800077080003500095100002500130245005400155260003000209300003000239651006600269700002600335852005200361999001900413952012200432105377ES-MaACL20230906183850.0t|060703s1978 fr a |||| | fre d a2-7304-0006-0 a323.25-057-87(44)"1968"(093.3)1 aMorin, Edgar.98356410aMais / cEdgar Morin ; [dessins de] Marek Halter. aParis : bOswald, c1978. a138 p. : bil. ; c22 cm. 4aFrancia-xHistoria-y1968, Movimientos estudiantiles.91629571 aHalter, Marek.961631 aES-MaACLjAND-172 z. - Biblioteca Juan Andrade c105377d105377 00104070aATENEOMbATENEOMcDEPO2d2008-01-17eSCl0oAND-172p1110008r2023-02-23 00:00:00w2023-02-23yMONOGRAFIA